000 00632nam a2200217Ia 4500
999 _c7652
_d7652
003 OSt
005 20200116102758.0
008 190216s9999||||xx |||||||||||||| ||und||
020 _a9780074636831
020 _a0074636839
040 _coclc
082 _a658.15
_bKHA/F
100 _aKhan, M Y
_91004
245 0 _aTheory And Problems In Financial Management /
_cM Y Khan ; P K Jain
250 _a2nd ed.
260 _bTata Mcgrawhill Publishers,
_c2009.
_aNew Delhi:
300 _a520p
650 _xFinancial Management
700 _91158
_aJain, P K
942 _cBK
_2ddc
_h658.15
_iKHA/F
_k658.15
_mKHA/F